Vista normal
Vista MARC
Entrada Personal Name
Número de registros utilizados en: 3
001 - CONTROL NUMBER
- control field: 4863
003 - CONTROL NUMBER IDENTIFIER
- control field: DLC
005 - DATE AND TIME OF LATEST TRANSACTION
- control field: 20230120080555.0
008 - FIXED-LENGTH DATA ELEMENTS
- fixed length control field: 860507n| azannaabn |n aaa
010 ## - LIBRARY OF CONGRESS CONTROL NUMBER
- LC control number: n 86082365
035 ## - SYSTEM CONTROL NUMBER
- System control number: (OCoLC)oca01586353
040 ## - CATALOGING SOURCE
- Original cataloging agency: DLC
- Language of cataloging: spa
- Description conventions: rda
- Transcribing agency: Mx-PuUPA
- Modifying agency: DLC
- Modifying agency: CSt
- Modifying agency: MoSU
- Modifying agency: Mx-PuUPA
046 ## - SPECIAL CODED DATES
- Birth date: 19190810
- Death date: 20060901
- Source of date scheme: edtf
100 1# - HEADING--PERSONAL NAME
- Personal name: Coreth, Emerich,
- Dates associated with a name: 1919-2006
370 ## - ASSOCIATED PLACE
- Place of birth: Raabs an der Thaya (Austria)
- Place of death: Innsbruck (Austria)
- Associated country: Austria
- Other associated place: Innsbruck (Austria)
- Source of term: naf
373 ## - ASSOCIATED GROUP
- Associated group: Universidad de Innsbruck. Facultad Teológica Católica
- Source of term: naf
- Start period: 1955
373 ## - ASSOCIATED GROUP
- Associated group: Jesuitas
- Source of term: naf
- Start period: 1937
- End period: 2006-09-01
374 ## - OCCUPATION
- Occupation: Teólogo
- Occupation: Filósofo
- Occupation: Autor
- Source of term: lcsh
374 ## - OCCUPATION
- Occupation: Miembros de la facultad universitaria y universitaria
- Source of term: lcdgt
375 ## - GENDER
- Gender: hombre
377 ## - ASSOCIATED LANGUAGE
- Language code: ger
670 ## - SOURCE DATA FOUND
- Source citation: Vom Sinn der Freiheit, 1985:
- Information found: title page (Emerich Coreth) back cover (Dr. phil., Dr. theol.; has taught at the Universität Innsbruck since 1955)
670 ## - SOURCE DATA FOUND
- Source citation: LC data base, May 5, 1986
- Information found: (hdg.: Coreth, Emerich, 1919- )
670 ## - SOURCE DATA FOUND
- Source citation: German Wikipedia, viewed September 15, 2020
- Information found: (Emerich Coreth SJ; born August 10, 1919, in Raabs an der Thaya; died September 1, 2006, in Innsbruck; Austrian Catholic theologian and philosopher; entered the Jesuit order in 1937; obtained his doctorate in theology at Innsbruck in 1948; obtained his doctorate in philosophy in Rome in 1950, at the Pontificia Università gregoriana)